000 00275nam a22001337a 4500
020 _a9780136024583
082 _a629.83
100 _aRICHARD C. DORF
245 _aMODERN CONTROL SYSTEMS
250 _a12TH ED.
260 _aUSA
_bPEARSON
_c2011
300 _a1082
942 _cBK
999 _c23241
_d23241